La gestión de la memoria: la historia de España al servicio del poder

Furkejuvvon:
Bibliográfalaš dieđut
Váldodahkki: Pérez Garzón, Juan Sisinio (Dahkki)
Materiálatiipa: Girji
Giella:espánnjágiella
Almmustuhtton: Barcelona, España Crítica 2000
Ráidu:Crítica Contrastes
Fáttát:
Fáddágilkorat: Lasit fáddágilkoriid
Eai fáddágilkorat, Lasit vuosttaš fáddágilkora!

MARC

LEADER 00000nam a2200000 a 4500
001 UCN9365
003 CL-VaPUC
005 20210521001548.0
008 011130e20000000SP |||||||||||||||||spa|d
999 |c 298804  |d 298802 
040 |c Pontificia Universidad Católica de Valparaíso 
082 0 4 |a 946 PER 2000  |2 21 
100 0 |a Pérez Garzón, Juan Sisinio  |e author  |9 465947 
245 1 3 |a La gestión de la memoria:  |b  la historia de España al servicio del poder 
260 |a Barcelona, España  |b Crítica  |c 2000 
300 |a 276 páginas 
490 0 |a Crítica Contrastes 
583 |a last modification  |c 20011130 00:00:00  |k Rodrigo Vera 
650 0 |a Historia de España  |9 315435 
650 7 |a NACIONALISMO  |2 CL-VaPUC  |9 465948 
650 0 |a Enseñanza de la historia   |9 307330 
942 |c BK  |2 ddc 
945 |d 20011130 00:00:00  |a crobeson 
952 |0 0  |1 0  |2 ddc  |4 0  |6 946_000000000000000_PER_2000  |7 0  |8 A  |9 354737  |a BIBHIS  |b BIBHIS  |d 2019-11-21  |i 3776069  |o 946 PER 2000  |p 3776069  |r 2025-01-20  |t 1  |w 2019-11-21  |y BK  |k HIS